000 00456pab a2200181 454500
008 180718b2012 xxu||||| |||| 00| 0 eng d
100 _aSethi, Sanjay
245 _aLocal governance: A select bibliography
260 _c2012
300 _ap.105-110.
362 _aApr-Jun
650 _aBibliography
650 _aLocal government - Bibliography
650 _aLocal government
773 _aManagement in Government
908 _aN
909 _a97407
999 _c97407
_d97407